Pietna spomienka pri príležitosti Pamiatky zosnulých propagačný plagát

Zobrazenie: Sivý podklad, textové informácie čiernym písmom, v dolnej časti čierny štvorec s nápisom Národný cintorín Martin

Bibliographic Details
Format: Photo
Language:Slovak
PhysicalDescription:1 plagát farebný 42 x 60 cm
Published: [Slovensko?] [vydavateľ neznámy?] 2007
Subjects:

MARC

LEADER 00000nkm a2200000 4500
001 vtls011985538
003 SK-MaSNL
005 20260301145728.0
007 kf co
008 240409q1987 xo g 00 k|slo
015 |a SNBG1987 
035 |a urn:nbn:sk:snk-km00ecvq 
035 |a urn:nbn:sk:snk-km43ebj 
035 |a 33329280-E461-459C-A391-0C86B39E344F 
040 |a SNK  |b slo  |c SNK  |e rda 
041 0 |a slo 
044 |a xo  |c SK 
072 7 |a 316.7  |x Sociológia kultúry. Kultúrny život  |2 konspekt 
080 |a 316.7  |2 2011 
080 |a (084.5)  |2 2011 
245 0 0 |a Pietna spomienka pri príležitosti Pamiatky zosnulých  |h grafika  |b propagačný plagát 
264 1 |a [Slovensko?]  |b [vydavateľ neznámy?]  |c 2007 
300 |a 1 plagát  |b farebný  |c 42 x 60 cm 
336 |a statický obraz  |b sti  |2 rdacontent 
336 |a text  |b txt  |2 rdacontent 
337 |a bez média  |b n  |2 rdamedia 
338 |a list  |b nc  |2 rdacarrier 
500 |a Dátum vydania určený na základe informácie na plagáte 
520 |a Zobrazenie: Sivý podklad, textové informácie čiernym písmom, v dolnej časti čierny štvorec s nápisom Národný cintorín Martin 
655 7 |a plagáty  |2 SNKPH  |9 70571 
852 |a Slovenská národná knižnica v Martine 
958 |a CP 
958 |a TL 
999 |c 781114  |d 783044 
952 |a SNKLM  |b SNKLM  |y PREZ  |7 0  |p 17A1405942  |o snklm L 3431  |i snklm 46/2007  |0 0  |1 0  |4 0  |d 2020-08-05  |f 1  |l 0  |r 2026-02-24 01:04:29  |w 2026-02-24